00401nam a2200145 a 450000500170000000800410001702000180005805000210007610000170009724500340011426000450014830000110019365000300020465000210023420140412111238.0001113s19uu xx 00 eng d a0-15-770046-1 aM 707bH861 1987 aHubbard, Guy aArt in action /cGuy Hubbard. aSan Diego :bCoronado Publishers,c1987. a136 p. aArtsxJuvenile literature aArt appreciation